[Event "Bundesliga 0607"]
[Site "Germany"]
[Date "2007.03.17"]
[Round "12.5"]
[White "Bindrich, Falko"]
[Black "Pelletier, Yannick"]
[Result "1-0"]
[WhiteElo "2482"]
[BlackElo "2586"]
[Annotator "Bindrich,F"]
[PlyCount "61"]
[EventDate "2006.10.28"]
[EventType "team-tourn"]
[EventRounds "15"]
[EventCountry "GER"]
[SourceTitle "CBM 118"]
[Source "ChessBase"]
[SourceDate "2007.05.31"]
[SourceVersion "1"]
[SourceVersionDate "2007.05.31"]
[SourceQuality "1"]
[WhiteTeam "Remagen"]
[BlackTeam "Werder Bremen"]
[WhiteTeamCountry "GER"]
[BlackTeamCountry "GER"]

1. e4 e6 2. d4 d5 3. Nc3 dxe4 4. Nxe4 Nd7 5. Nf3 Ngf6 6. Nxf6+ Nxf6 7. Be2 c5
8. O-O cxd4 9. Qxd4 Qxd4 10. Nxd4 Bc5 $6 (10... Bd7 $142 11. Bf3 O-O-O 12. Bf4
Ba4 $1 {leads to equality} (12... Ne8 13. c4 Bd6 14. Be3 Nc7 15. Rac1 Be5 16.
b4 Kb8 17. b5 Bc8 18. Nb3 $14 Ne8 19. Rfe1 $14 {1-0 Vescovi,G-Seirawan,Y/
Istanbul 2000/EXT 2001 (54)}) (12... Nd5 13. Bxd5 exd5 14. Rfe1 Bc5 15. Nb3 Bb6
16. Be3 Bxe3 17. Rxe3 $14) (12... Bc5 13. Rfd1 Bxd4 14. Rxd4 Bc6 15. Rxd8+ (15.
Rc4 Nd5 16. Bg3 f6) 15... Rxd8 16. Bxc6 (16. Be2 Be4 17. Rc1 Nd5 18. Bd2) 16...
bxc6 17. Kf1 Nd5 18. Bd2 $14) 13. Rfd1 Bc5 (13... Bd6 14. Nxe6) 14. Nb3 Bb6 15.
Be5 Bc6 (15... Rxd1+ 16. Rxd1 Rd8 17. Bxb7+ Kxb7 18. Rxd8 Bxd8 19. Nc5+ $16) (
15... Rhg8 16. c4 $11) 16. Bxc6 bxc6 17. Kf1 $11 (17. c4 Bxf2+ $17)) (10... a6
11. Bf3 Bd6 12. Rd1 Bc7 13. Nb3 O-O 14. Bd2 e5 15. Ba5 Bxa5 16. Nxa5 e4 17. Be2
b6 18. Nc4 $14 {1-0 Melia,S-Tereladze,S/Tbilisi 2005/CBM 106 ext (85)}) 11. Nb3
Bd6 12. Bf3 Nd7 $2 {This is a serious mistake.} (12... Ke7 13. Be3 $14) (12...
e5 13. Re1 O-O 14. Bg5 $14) 13. Rd1 Bc7 (13... Ke7 14. Na5 (14. Be3 Ne5 15. Be2
b6 16. f4 Ng6 17. Bf3 Rb8 $14) 14... Rb8 15. Nc4 Bc7 16. Bd2 $1 Ne5 17. Bb4+
Ke8 18. Nxe5 Bxe5 19. Rd3 $1 Bxb2 20. Rad1 Bf6 21. Bd6 Ra8 22. Bc7 Ke7 23. Rb1
h5 24. Bxb7 Bxb7 25. Rxb7 $16) 14. Be3 Ne5 15. Be2 Bd7 16. a4 $1 a6 (16... h5
17. h3 a6 18. Nc5 Bc6 19. b4 $14) 17. Nc5 Bc6 18. b4 $1 {It is impressive how
easily Black is losing in this well-known structure if he wastes too much time
(Bc5, Nf6-d7-e5)} (18. f4 Nd7 19. Nxd7 Bxd7 $11) 18... O-O $6 {Black's
position is already bad. Over the board I could not believe that it was that
easy but at home it proved to be really bad for Black.} (18... Ke7 19. f4 Ng6
20. b5 axb5 21. axb5 Rxa1 22. Rxa1 Bd5 23. c4 $18) (18... Bd5 $142 19. b5 $1 (
19. Rxd5 exd5 20. Nxb7 O-O 21. Nc5 Nc4 22. Bf3 Nxe3 23. fxe3 a5 $15) (19. a5
O-O (19... O-O-O) 20. f4 Ng6 21. c4 Bxf4 22. Bf2 Bc6 23. b5 axb5 24. cxb5 Bd5
25. Rxd5 exd5 26. Nxb7 $13) (19. f4 $5 Bc4 $1 (19... Nc4 20. Bxc4 Bxc4 21. Nxb7
Rb8 (21... Ke7 22. Bc5+ Kf6 23. Nd6 Bxd6 24. Rxd6 $16) 22. Rd4 $1 Bd5 23. Nc5
$16) (19... Ng6 20. g3 Ke7 21. c4 $18) 20. Kf2 (20. Bh5 g6 21. fxe5 gxh5 22.
Nxb7 Bxe5 23. Nd6+ Bxd6 24. Rxd6 Rg8 25. g3 $14) 20... Bxe2 21. Kxe2 Nc4 22. a5
(22. Rd4 Nxe3 23. Kxe3 b6 24. Nd7 O-O-O $11) 22... Nd6 $14 (22... Rc8 23. Nxb7
(23. c3 Nxe3 24. Kxe3 Bb8 $11) 23... Rb8 24. Nc5 Nxe3 25. Kxe3 Rxb4 26. g3 Rb5
27. Nxa6 Bxa5 28. c4 Rb3+ 29. Rd3 Rxd3+ 30. Kxd3 Bd8 31. Nc5 O-O 32. Nd7 Re8
33. c5 Be7 34. Ra7 $18) 23. Rd3 $14) 19... O-O $1 (19... axb5 20. Bxb5+ Ke7 21.
c4 Bc6 22. f4 Ng4 (22... Bxb5 23. cxb5 $18) 23. Bxc6 bxc6 24. Rd7+ Kf6 25. Bd4+
e5 26. Rxc7 exd4 27. a5 Ne3 28. Rxc6+ Ke7 29. Nd3 $16) 20. bxa6 bxa6 21. Nxa6
Ba5 22. Bd2 Bxd2 23. Rxd2 Bc4 (23... Nc4 24. Rd4 Rxa6 25. Bxc4 Bxc4 26. Rxc4
$16) 24. Nc7 Rac8 25. Nb5 Bxe2 26. Rxe2 $14) 19. f4 Ng6 20. b5 axb5 21. axb5
$18 Rxa1 (21... Bd5 22. c4 Bxf4 23. Bf2 Rxa1 24. Rxa1 b6 25. Nd7 $18) 22. Rxa1
Bd5 23. c4 Nxf4 (23... Bxf4 24. Bf2 b6 25. Nd7 Ra8 26. Rxa8+ Bxa8 27. g3 Bd2
28. Nxb6 Bb7 29. c5 $18) 24. Bf1 Nxg2 (24... Rc8 25. cxd5 Nxd5 26. Bf2 $18) (
24... b6 25. Nd7 Ra8 26. Rxa8+ Bxa8 27. Bxb6 Bxb6+ 28. Nxb6 Be4 29. Nd7 $18)
25. Bxg2 Bxc4 26. Nd7 Rd8 27. b6 Bd6 28. Bc5 f6 (28... Bf4 29. Bxb7 Bb5 30. Nf8
Rxf8 31. Bxf8 Kxf8 32. Ra8+ Ke7 33. Bf3 $18) 29. Bxd6 Rxd7 30. Bc7 Bd5 31. Ra7
1-0

[Event "British CF-72 Championship"]
[Site "Edinburgh"]
[Date "1985.07.29"]
[Round "1"]
[White "Lane, Gary William"]
[Black "Speelman, Jonathan S"]
[Result "0-1"]
[WhiteElo "2330"]
[BlackElo "2530"]
[Annotator "Bulletin"]
[PlyCount "146"]
[EventDate "1985.07.29"]
[EventType "swiss"]
[EventRounds "11"]
[EventCountry "SCO"]
[SourceTitle "EXT 1999"]
[Source "ChessBase"]
[SourceDate "1998.11.16"]
[SourceVersion "1"]
[SourceVersionDate "1998.11.16"]
[SourceQuality "1"]

1. e4 e6 2. d4 d5 3. Nd2 c5 4. exd5 Qxd5 5. Ngf3 cxd4 6. Bc4 Qd6 7. O-O Nf6 8.
Nb3 Nc6 9. Nbxd4 Nxd4 10. Nxd4 a6 11. Bb3 Qc7 12. Qf3 Bd6 13. h3 Bh2+ 14. Kh1
Be5 15. Be3 O-O 16. a4 Rb8 17. a5 b5 18. axb6 Rxb6 19. Qe2 Bf4 20. Rfe1 Bxe3
21. Qxe3 Bb7 22. Nf3 Rc8 23. Rad1 h6 24. Rd3 Bd5 25. Rc3 Rc6 26. Rxc6 Qxc6 27.
Nd4 Bxg2+ 28. Kh2 Qe4 29. Nxe6 Qxe3 30. Rxe3 Bd5 31. Nd4 Rd8 32. Bxd5 Nxd5 33.
Ra3 Nb6 34. Rxa6 Nc4 35. b3 Rxd4 36. bxc4 (36. Ra4 Ne5 $19) 36... Rxc4 37. Ra2
g5 $1 38. Kg2 Kg7 39. Kh2 Kg6 40. Kg3 Rc3+ 41. Kg2 Kh5 42. Rb2 f5 43. Kh2 Kh4
44. Rb3 Rxc2 45. Kg2 f4 46. Ra3 h5 47. Rb3 g4 48. hxg4 hxg4 49. Kg1 f3 50. Rb8
Rc1+ 51. Kh2 Rf1 52. Rh8+ Kg5 53. Rg8+ Kf5 54. Rf8+ Ke4 55. Re8+ Kd3 56. Kg3
Rg1+ 57. Kf4 Kd2 58. Re7 Re1 59. Ra7 Rg1 60. Re7 Re1 61. Ra7 Ke2 62. Ra2+ Kf1
63. Kg3 Kg1 64. Rb2 Kh1 65. Rb3 Rg1+ 66. Kf4 Kh2 67. Ra3 Kh3 68. Ra8 Rb1 69.
Ra2 Rb4+ 70. Ke3 Kg2 71. Rc2 g3 72. fxg3+ Kxg3 73. Rc8 Rb3+ 0-1

[Event "USA-ch"]
[Site "Long Beach"]
[Date "1993.??.??"]
[Round "6"]
[White "Ivanov, Alexander"]
[Black "Gulko, Boris F"]
[Result "1/2-1/2"]
[WhiteElo "2535"]
[BlackElo "2635"]
[Annotator "Bulletin"]
[PlyCount "38"]
[EventDate "1993.12.??"]
[EventType "tourn"]
[EventRounds "11"]
[EventCountry "USA"]
[EventCategory "14"]
[SourceTitle "CBM 039"]
[Source "ChessBase"]
[SourceDate "1994.04.01"]
[SourceVersion "1"]
[SourceVersionDate "1994.04.01"]
[SourceQuality "1"]

1. e4 e6 2. d4 d5 3. Nd2 c5 4. Ngf3 cxd4 5. exd5 Qxd5 6. Bc4 Qd6 7. O-O Nf6 8.
Nb3 Nc6 9. Nbxd4 Nxd4 10. Nxd4 a6 11. b3 Qc7 12. Bb2 Bd6 13. Nf3 b5 14. Bd3 Bb7
15. Qe2 Nd5 16. g3 {Gulko said after the game that he was surprised by this
move.} (16. Be4 Nf4 17. Qe3 Bxe4 18. Qxe4 Rc8 19. Bxg7 $2 Rg8) 16... Nc3 17.
Bxc3 {A major concession by White, giving up a major weapon in the
fianchettoed bishop.} Qxc3 18. Be4 Bxe4 19. Qxe4 {Black stands better with a
useful bishop and a target at c2.} Rc8 {Here the players agreed a draw,
although in the Analysis room it was felt that Black had slightly the better
of it.} (19... O-O 20. Ng5 g6 21. Nxe6 $1 (21. Qh4 Qg7 $15) 21... Rfe8 (21...
Rae8 22. Qd4 Be5 23. Qxc3 Bxc3 24. Nxf8 Bxa1 25. Nxh7) 22. Qd5) 1/2-1/2

[Event "World Cup"]
[Site "Barcelona"]
[Date "1989.03.??"]
[Round "7"]
[White "Speelman, Jonathan S"]
[Black "Nogueiras Santiago, Jesus"]
[Result "1-0"]
[WhiteElo "2640"]
[BlackElo "2575"]
[Annotator "Bulletin"]
[PlyCount "77"]
[EventDate "1989.03.??"]
[EventType "tourn"]
[EventRounds "17"]
[EventCountry "ESP"]
[EventCategory "15"]
[SourceTitle "CBM 012"]
[Source "ChessBase"]
[SourceDate "1989.10.01"]
[SourceVersion "1"]
[SourceVersionDate "1989.10.01"]
[SourceQuality "1"]

1. e4 e6 2. d4 d5 3. Nd2 c5 4. exd5 Qxd5 5. Ngf3 cxd4 6. Bc4 Qd6 7. O-O Nf6 8.
Nb3 Nc6 9. Nbxd4 Nxd4 10. Nxd4 a6 11. Re1 Qc7 12. Qe2 Bc5 {Bulletin: '12...Bd6'
} 13. c3 O-O 14. Bg5 Bxd4 15. cxd4 Nd5 16. Rac1 {'!' Bulletin. Bulletin: 'N'} (
16. Bxd5 {Tal,M-Kortschnoj,V/Brussels/1988/}) 16... Qb6 17. Qg4 {'!' Bulletin.}
f5 18. Qf3 {'!' Bulletin.} Qxd4 19. Bxd5 exd5 20. Rc7 f4 21. Ree7 Bf5 22. Qc3 {
'!' Bulletin.} Qxc3 23. bxc3 Rae8 24. Rxg7+ Kh8 25. h4 {'?!' Bulletin.
Bulletin: '>= 25.h3 /\ f2-f3,Bg5-h4-f2-d4 (Seirawan)'} Bg6 26. f3 b5 27. Ra7
Re1+ 28. Kh2 Re6 29. Rgc7 Kg8 {'!' Bulletin.} 30. Bh6 {Bulletin: '/\ 31.
Bh6-g7-d4'} Rf5 31. Rg7+ Kh8 32. Bg5 Rf8 33. h5 Bb1 34. Rgd7 Kg8 35. Bh4 Re2
36. h6 Re6 37. Rg7+ Kh8 38. Bf2 Rxh6+ 39. Kg1 1-0

[Event "EU-chT (Men) 10th"]
[Site "Debrecen"]
[Date "1992.11.??"]
[Round "5.3"]
[White "Adams, Michael"]
[Black "Dreev, Alexey"]
[Result "1/2-1/2"]
[WhiteElo "2620"]
[BlackElo "2580"]
[Annotator "Bulletin"]
[PlyCount "145"]
[EventDate "1992.11.20"]
[EventType "team-swiss"]
[EventRounds "9"]
[EventCountry "HUN"]
[SourceTitle "EU-chT"]
[Source "ChessBase"]
[SourceDate "1999.07.01"]
[SourceVersion "2"]
[SourceVersionDate "1999.07.01"]
[SourceQuality "1"]
[WhiteTeam "England"]
[BlackTeam "Russia"]
[WhiteTeamCountry "ENG"]
[BlackTeamCountry "RUS"]

1. e4 e6 2. d4 d5 3. Nd2 c5 4. exd5 Qxd5 5. Ngf3 cxd4 6. Bc4 Qd6 7. O-O Nf6 8.
Nb3 Nc6 9. Nbxd4 Nxd4 10. Nxd4 a6 11. Re1 Qc7 12. Bb3 Bd6 13. Nf5 Bxh2+ 14. Kh1
O-O 15. Nxg7 Rd8 16. Qe2 Kxg7 17. g3 Bxg3 18. fxg3 (18. Rg1 $2 Qc6+ 19. f3 Qc7
20. Bg5 Nh5 $19 {Dreev}) 18... b5 $2 (18... Bd7 $142 19. Bf4 Qc5 20. Be5 Bc6+
21. Kh2 Kg6 22. Bxf6 Kxf6 23. Rf1+ Kg6 24. Bxe6 Qh5+ 25. Qxh5+ Kxh5 26. Bxf7+
Kg5 27. Rad1 Rxd1 28. Rxd1 Rf8 $10 {Dreev}) 19. Bf4 Bb7+ 20. Kh2 Qc5 21. Be5
Kg6 22. Bxf6 Kxf6 23. Rf1+ (23. Bxe6 fxe6 24. Qxe6+ Kg7 25. Qe7+ $10 {Dreev})
23... Kg6 (23... Ke7 $2 24. Rxf7+ $1 Kxf7 25. Qxe6+ Kg7 26. Qf7+ Kh6 27. Qf6+
Kh5 28. Bf7+ Kg4 29. Qf4#) 24. Bxe6 (24. Rxf7 Rd2 $2 25. Qxd2 Qh5+ 26. Kg1 Qh1+
27. Kf2 Qh2+ 28. Ke1 Qxd2+ 29. Kxd2 Kxf7 $10) 24... Qh5+ (24... Qg5 25. Bxf7+
Kg7 26. Rf4 $1 (26. Rad1 Rac8 $1 $13) 26... Rd6 27. Be6 $1 (27. Rg4 Rh6+ 28.
Kg1 Rh1+ 29. Kf2 Rh2+ 30. Kf1 Rh1+ $10) 27... Qh6+ 28. Bh3 $18 {Dreev}) 25.
Qxh5+ Kxh5 26. Bxf7+ Kg5 27. Rad1 Be4 (27... Rxd1 28. Rxd1 Rf8 29. Bd5 $1 $16 (
29. Rd7 Be4 30. c3 (30. Bb3 Bxc2 $1 $10) 30... Bf5 31. Ra7 Rd8 $10) 29... Rd8
30. Bf3 Rxd1 31. Bxd1 h5 32. Kg1 $1 h4 33. gxh4+ Kxh4 34. Kf2 $18) 28. c3 (28.
Bb3 $2 Rxd1 29. Rxd1 Rc8 30. c3 Rc6) 28... Rxd1 (28... Bc2 29. Rd4 $1 (29. Rde1
Rd2+ 30. Kg1 Rf8 31. Re5+ Kh6) 29... Rxd4 30. cxd4 Rd8 31. Rf4 $1 $16) 29. Rxd1
Rf8 30. Bd5 Rd8 31. Bb3 Rf8 (31... Rxd1 32. Bxd1 h5 33. Kg1 $1 $18) 32. Rd4 Bf3
33. Bd5 Bxd5 34. Rxd5+ Kg4 35. Kg2 Rf6 36. Rd4+ Kg5 37. Rd2 (37. a4 $2 bxa4 38.
Rxa4 Rb6 39. Rb4 (39. b4 Rc6 $10) 39... Rxb4 $1 40. cxb4 Kg4 41. Kf2 Kf5 42.
Kf3 h5 $10) 37... Kg4 38. c4 bxc4 39. Rd4+ Kf5 40. Rxc4 Rd6 41. Rf4+ Kg5 (41...
Ke5 $5) (41... Ke5 $5) 42. b3 Rd2+ 43. Rf2 Rd5 44. Kh3 Ra5 45. a4 Rd5 46. b4
Rd4 (46... Rd6 $5 47. Rc2 Kf5 $1) 47. Rb2 Rd6 48. b5 axb5 49. axb5 (49. Rxb5+
$2 Kg6 50. Rb3 (50. a5 Rd3 {/\ Ra3}) 50... Ra6 51. Ra3 Ra5 52. Kg4 h5+ 53. Kf4
Kf6 54. Ke4 Ke6 55. Kd4 Kd6 56. Kc4 Kc6 57. Kb4 Rg5 $10) 49... Rb6 50. Kg2 Kf6
51. Kf3 Ke7 52. Rb3 (52. Ke4 Kd7 53. Kd5 Rg6) 52... Kd7 (52... Kf7 $142 $1 53.
Kg4 Kg6 54. Rb4 Kg7 (54... Kf6 55. Rf4+ {/\ Rf5}) 55. Kg5 h6+ 56. Kf5 Kf7 57.
g4 Kf8 $1 58. Ke5 Ke7 59. Kd5 Kd7 60. Kc5 Rg6 $10) 53. Kg4 Rg6+ (53... Ke7 54.
Kg5 Kf7 55. Rf3+ Kg7 56. Rf5 $18 {Dreev}) 54. Kf5 (54. Kh5 $1 Kc7 (54... Rb6
$16) 55. b6+ Kb7 56. g4 {/\ Rf3-f7+- Dreev}) 54... Rg7 (54... Kc7 55. g4 $1)
55. g4 Kc7 (55... h6 $1 $16 {Dreev}) 56. b6+ Kb7 57. Kf4 (57. g5 $1 $18) (57.
g5 $1 $18) 57... Rg6 58. Rb5 h6 59. Kg3 Rc6 60. Kh4 Rc1 61. Rb3 Rd1 (61... Re1
$6 62. Rh3 Re5 63. Rh1 Kxb6 $1 (63... Re2) 64. Rf1 Kc7 65. Rf6 Kd7 66. Rxh6 Ke7
67. Rh5 $1 Re1 68. Rf5 Rh1+ $3 69. Kg5 Rh8 $10 70. Rf4 Rh7 $1 $8 71. Kg6 Rh4)
62. Rh3 Rd5 (62... Kxb6 $2 63. Kh5 Rd6 64. Re3 {/\ Re8-h8-h6+- Dreev}) 63. Rf3
Rd1 64. Rh3 Rd5 65. Rh1 Kxb6 (65... Rd2) 66. Rf1 Kc7 67. Rf6 Kd7 68. Rxh6 Ke7
69. Rh5 Rd8 70. Rf5 Rh8+ 71. Kg5 Rg8+ 72. Kf4 Rf8 73. Rxf8 1/2-1/2

[Event "Moscow Aeroflot op-A 14th"]
[Site "Moscow"]
[Date "2015.03.29"]
[Round "3"]
[White "Adhiban, Baskaran"]
[Black "Nepomniachtchi, Ian"]
[Result "1/2-1/2"]
[WhiteElo "2646"]
[BlackElo "2714"]
[Annotator "CB"]
[PlyCount "109"]
[EventDate "2015.03.27"]
[EventType "swiss"]
[EventRounds "9"]
[EventCountry "RUS"]
[SourceTitle "CBM 166"]
[Source "ChessBase"]
[SourceDate "2015.05.11"]
[SourceVersion "1"]
[SourceVersionDate "2015.05.11"]
[SourceQuality "1"]

1. e4 e6 2. d4 d5 3. Nd2 c5 4. exd5 Qxd5 5. Ngf3 cxd4 6. Bc4 Qd7 {Both Qd7 and
Qd8 are becoming more popular. Qd6 remains the mainline though.} 7. O-O Nc6 8.
Nb3 Nf6 9. Qe2 a6 10. a4 Be7 11. Rd1 Qc7 12. Nbxd4 Bd7 13. Nxc6 Bxc6 14. Ne5
Bd5 $6 (14... O-O $14) 15. Bxd5 Nxd5 16. c4 Nf6 17. Bf4 Qc8 18. g4 $1 {
Excellent! Black is so tied down that this type of attack is very dangerous
for him.} h6 19. h4 O-O {Castling into it looks like suicide, but what other
choice does Nepo have?} (19... h5 20. g5 Ng4 21. Nd7 $18) 20. g5 hxg5 21. hxg5
Nh7 22. Qh5 Bxg5 {Forced, White was threatening to break through with g6 and
its over.} (22... g6 23. Nxg6 fxg6 24. Qxg6+ Kh8 25. Be5+ $18) 23. Bxg5 Nxg5
24. Rd7 $3 {Beautiful! The idea is that the knight on g5 is hanging as g7
would be checkmate in the case of f6.} (24. Qxg5 $2 f6 $11) 24... Ne4 25. Ra3
$1 {Swinging the other rook into the attack, ignoring the "threat" of Nf6!} Nf6
26. Qh4 (26. Qh1 $3 Nxd7 (26... Qxd7 27. Nxd7 Nxd7 28. Rh3 f5 29. Rh8+ Kf7 30.
Rxf8+ Rxf8 31. Qxb7 {is the key difference. Here Black's queenside just
collapses.}) 27. Rh3 g6 28. Rh7 $1 {And the attack cannot be halted.}) 26...
Qxd7 (26... Nxd7 27. Rh3 {is very obviously checkmate next move.}) 27. Nxd7
Nxd7 28. Rh3 f6 29. Qe4 Rfe8 30. Qxb7 {White is winning, but he was unable to
convert his brilliant play.} Nc5 31. Qh1 Kf7 32. Rh7 f5 33. Qc6 Rac8 34. Qd6
Kg8 35. Qh2 Kf7 36. Qe5 Rg8 37. Rh3 Nd7 38. Qd4 Nc5 39. Qe5 Nd7 40. Qd4 Nc5 41.
Rg3 a5 42. Kg2 g5 43. Rh3 Kg6 44. Qd6 f4 45. Qd1 g4 46. Rh4 f3+ 47. Kg3 Ne4+
48. Kf4 Nf6 49. Kg3 Kf5 50. Qd4 e5 51. Qd3+ Kg5 52. Qe3+ Kf5 53. Qd3+ Kg5 54.
Qe3+ Kf5 55. Qd3+ 1/2-1/2

[Event "Lopota FIDE GP (Women)"]
[Site "Lopota"]
[Date "2014.06.24"]
[Round "5"]
[White "Muzychuk, Anna"]
[Black "Muminova, Nafisa"]
[Result "1-0"]
[WhiteElo "2561"]
[BlackElo "2332"]
[Annotator "CB"]
[PlyCount "59"]
[EventDate "2014.06.19"]
[EventType "tourn"]
[EventRounds "11"]
[EventCountry "GEO"]
[EventCategory "11"]
[SourceTitle "CBM 161 Extra"]
[Source "ChessBase"]
[SourceDate "2014.08.29"]
[SourceVersion "1"]
[SourceVersionDate "2014.08.29"]
[SourceQuality "1"]

{Another game that showed the dangers of leaving your king in the center:} 1.
e4 e6 2. d4 d5 3. Nd2 c5 4. Ngf3 cxd4 5. Nxd4 Nc6 6. Bb5 Bd7 7. Nxc6 bxc6 8.
Bd3 Qc7 9. Qe2 Bd6 10. Nf3 Ne7 11. e5 Bc5 12. O-O Bb6 13. Bd2 c5 14. c4 h6 15.
Rac1 a5 16. cxd5 exd5 17. e6 Bxe6 18. Bb5+ Kf8 19. Ne5 Nf5 20. Bc3 Qd6 21. Rfe1
Bc7 22. Qh5 Ne7 23. Bd7 $1 {The start of a powerful combination.} g6 $2 (23...
Bxd7 $4 24. Qxf7#) (23... Kg8 24. Bxe6 Qxe6 25. Nc6 $1 Qxc6 26. Rxe7 Rf8 27.
Qg4 $1 $16) (23... Ra7 $1 {A very hard move to see. The point is that there
are many things that need defense on the 7th rank, the bishop on c7, the
knight on e7, the pawn on f7, and tactically this will make sense.} 24. Bxe6
Qxe6 25. Nd3 $14 {although White is still better.}) 24. Qf3 {The queen is
better placed on f3 than h5, but more importantly the opening of the bishop on
c3 is lethal.} Rh7 25. Bxe6 Qxe6 26. Ng4 $1 {Oh, and the weakness on f6.} Qc6
27. Nf6 Rg7 28. Rxe7 Kxe7 29. Nxd5+ Kf8 30. Nxc7 {Black loses too much
material.} 1-0

[Event "ENG-ch m"]
[Site "England"]
[Date "1991.??.??"]
[Round "2"]
[White "Adams, Michael"]
[Black "Speelman, Jonathan S"]
[Result "1-0"]
[WhiteElo "2615"]
[BlackElo "2630"]
[Annotator "Chandler,M"]
[PlyCount "63"]
[EventDate "1991.12.??"]
[EventType "k.o."]
[EventRounds "3"]
[EventCountry "ENG"]
[SourceTitle "CBM 028"]
[Source "ChessBase"]
[SourceDate "1992.06.01"]
[SourceVersion "1"]
[SourceVersionDate "1992.06.01"]
[SourceQuality "1"]

1. e4 e6 2. d4 d5 3. Nd2 c5 4. exd5 Qxd5 5. Ngf3 cxd4 6. Bc4 Qd6 7. O-O Nf6 8.
Nb3 Nc6 9. Nbxd4 Nxd4 10. Nxd4 a6 11. Re1 Bd7 12. c3 Qc7 13. Bb3 O-O-O 14. Qe2
Bd6 15. h3 Kb8 16. a4 h6 17. Be3 Rhe8 18. Nf3 Bc6 19. a5 Nd7 20. Nd4 Be4 21.
Ba4 e5 22. Nc2 Bc6 23. Bxc6 Qxc6 24. Nb4 Bxb4 25. cxb4 Nf6 26. Rac1 Qa4 $2 (
26... Qb5 $8 {Speelman} 27. Qxb5 axb5 28. Bb6 Rd7 29. Rc5 Nd5 30. Rxb5 Nxb6 31.
Rxb6 Ka7 $14) 27. Qc4 Nd5 28. Bb6 Nxb6 29. Qc7+ Ka8 30. axb6 {/\ 31.Ra1, /\32.
Ra6 ba6 33.Qa7#  31.Re5} Qd7 (30... Rc8 31. Qxc8+ Rxc8 32. Rxc8#) 31. Rxe5 Rf8
32. b5 1-0

[Event "Copenhagen IM (Politiken Cup-05)"]
[Site "Copenhagen"]
[Date "1983.10.17"]
[Round "4"]
[White "Mortensen, Erling"]
[Black "Lechtynsky, Jiri"]
[Result "1/2-1/2"]
[WhiteElo "2475"]
[BlackElo "2480"]
[Annotator "ChessBase"]
[PlyCount "103"]
[EventDate "1983.10.14"]
[EventType "tourn"]
[EventRounds "9"]
[EventCountry "DEN"]
[SourceTitle "MCL"]
[Source "ChessBase"]
[SourceDate "1999.07.01"]
[SourceVersion "1"]
[SourceVersionDate "1999.07.01"]
[SourceQuality "1"]

1. e4 e6 2. d4 d5 3. Nd2 c5 4. exd5 Qxd5 5. Ngf3 cxd4 6. Bc4 Qd6 7. O-O Nf6 8.
Nb3 Nc6 9. Nbxd4 Nxd4 10. Nxd4 a6 11. Bb3 Qc7 (11... Bd7 $142 {P 0-0-0}) 12.
Re1 (12. c3 Be7 13. Qf3 {P 14. f4}) 12... Bd6 13. Nf5 $1 Bxh2+ 14. Kh1 O-O (
14... h5 15. Qf3 $1) 15. Nxg7 $1 Kxg7 16. Qd4 $3 e5 $6 (16... Rd8 $2 17. Bh6+
$1 Kg6 (17... Kxh6 18. Qxf6+ Kh5 19. g4+ Kxg4 20. Re4+ Bf4 21. Rg1+) 18. Qh4
Qc5 19. c3 Qh5 20. Bc2+ Kxh6 21. Qxf6+ $18) (16... Bd6 $1 17. Bh6+ Kg6 18. c3 (
18. Qh4 Qc5 19. g4 Nxg4 $1) 18... Be7) 17. Qh4 Ng4 18. Bh6+ $1 Nxh6 19. Qg5+
Kh8 20. Qf6+ Kg8 21. Qg5+ Kh8 22. Qxh6 Be6 23. Qf6+ Kg8 24. Kxh2 Bxb3 25. axb3
(25. Re3 $2 Bxc2 26. Rc1 Qd8 $1) 25... e4+ 26. Kg1 Rfe8 $1 27. Ra4 $1 (27. Re3
Re6 28. Rg3+ Qxg3) 27... Rad8 (27... Re6 28. Qf5 Qxc2 29. Raxe4 Rxe4 30. Rxe4
Qxb2 31. Rh4 $1) 28. Rc4 Qd6 29. Qg5+ (29. Qxd6 $2 Rxd6 30. Rexe4 Rxe4 31. Rxe4
Rd1+ 32. Kh2 Rd2 $10) 29... Qg6 30. Qf4 Re7 (30... f5 31. Rc7 {P e3}) 31. Rexe4
(31. Qxe4 Qxe4 32. Rexe4 Rd1+ $10) 31... Rxe4 32. Rxe4 Rd1+ 33. Kh2 Qh5+ 34.
Kg3 Qg6+ 35. Kf3 (35. Qg4 Rb1 $10) 35... Qh5+ 36. Qg4+ Qxg4+ 37. Rxg4+ Kf8 38.
Rb4 Rd2 39. c4 b5 40. cxb5 a5 41. Ra4 (41. Ke3 Rc2 $2 (41... Rd5) 42. b6) 41...
Rd3+ 42. Ke4 Rxb3 43. Rxa5 Rxb2 44. Kd5 Rxf2 45. b6 $4 (45. g4 $1 f5 (45... Ke7
46. Kc6 Rc2+ 47. Kb7 Rc4 48. Ka7 Rxg4 49. b6 Ke6 50. b7 Rb4 (50... Rg8 51. Kb6
Rb8 52. Ra8) 51. Ra6+ Ke5 52. Rb6 Ra4+ 53. Kb8 Rg4 54. Rb5+ Ke6 55. Kc7 Rg8 56.
b8=Q Rxb8 57. Rxb8) 46. gxf5 Rxf5+ 47. Kc6) 45... Rf5+ 46. Kc6 Rxa5 47. b7 Ra6+
48. Kb5 Rg6 49. b8=Q+ Kg7 50. Qe5+ Kg8 51. Qe4 Re6 52. Qf4 1/2-1/2